000 00391pab a2200157 454500
008 180718b2012 xxu||||| |||| 00| 0 eng d
100 _aBorocz, Jozsef
245 _aHungary in the European union: Catching up, forever
260 _c2012
300 _ap.22-25.
362 _a9 Jun
650 _aEuropean Union
773 _aEconomic and political Weekly
908 _aN
909 _a97272
999 _c97272
_d97272